Infrastructure supply chains (Record no. 112738)
[ view plain ]
| 000 -LEADER | |
|---|---|
| fixed length control field | 01348cad a22002295a 4500 |
| 001 - CONTROL NUMBER | |
| control field | L153867 |
| 008 - FIXED-LENGTH DATA ELEMENTS--GENERAL INFORMATION | |
| fixed length control field | 110914s2011 000 0 eng u |
| 035 ## - SYSTEM CONTROL NUMBER | |
| System control number | (Sirsi) u153867 |
| 041 0# - LANGUAGE CODE | |
| Language code of text/sound track or separate title | eng |
| 110 1# - MAIN ENTRY--CORPORATE NAME | |
| Corporate name or jurisdiction name as entry element | United Kingdom |
| Subordinate unit | Department for Business, Innovation and Skills |
| 9 (RLIN) | 5760 |
| 245 00 - TITLE STATEMENT | |
| Title | Infrastructure supply chains |
| Remainder of title | barriers and opportunities |
| Medium | [electronic resource] |
| 260 ## - PUBLICATION, DISTRIBUTION, ETC. | |
| Place of publication, distribution, etc. | London |
| Name of publisher, distributor, etc. | BIS |
| Date of publication, distribution, etc. | 2011 |
| 490 #0 - SERIES STATEMENT | |
| Series statement | Research Report |
| Volume/sequential designation | URN 11/1058 |
| 520 ## - SUMMARY, ETC. | |
| Summary, etc. | This report fulfils a commitment made in the National Infrastructure Plan 2010. It sets out the findings of a supply chain study covering five infrastructure sectors: transport, energy, digital communications, water and waste. The remit was to identify issues affecting the delivery of UK infrastructure, including barriers to innovation and the efficient operation of supply chains, and identify opportunities to remove those barriers and learn from good practice. International comparisons. |
| 590 ## - LOCAL NOTE (RLIN) | |
| Local note | KA |
| 651 #4 - SUBJECT ADDED ENTRY--GEOGRAPHIC NAME | |
| Geographic name | United Kingdom |
| Chronological subdivision | |
| 651 #4 - SUBJECT ADDED ENTRY--GEOGRAPHIC NAME | |
| Geographic name | International |
| 690 ## - LOCAL SUBJECT ADDED ENTRY--TOPICAL TERM (OCLC, RLIN) | |
| Topical term or geographic name as entry element | BUILT ENVIRONMENT-CONSTRUCTION MANAGEMENT |
| 690 ## - LOCAL SUBJECT ADDED ENTRY--TOPICAL TERM (OCLC, RLIN) | |
| Topical term or geographic name as entry element | BUILT ENVIRONMENT-SUSTAINABLE CONSTRUCTION |
| 856 40 - ELECTRONIC LOCATION AND ACCESS | |
| Uniform Resource Identifier | <a href="https://www.bis.gov.uk/assets/biscore/corporate/docs/i/11-1058-infrastructure-supply-chains-barriers-opportunities">https://www.bis.gov.uk/assets/biscore/corporate/docs/i/11-1058-infrastructure-supply-chains-barriers-opportunities</a> |
| Public note | View this item free of charge at www.bis.gov.uk |
| 942 ## - ADDED ENTRY ELEMENTS (KOHA) | |
| Suppress in OPAC | 0 |
| Withdrawn status | Lost status | Source of classification or shelving scheme | Damaged status | Not for loan | Home library | Current library | Shelving location | Date acquired | Total Checkouts | Full call number | Barcode | Date last seen | Copy number | Price effective from | Koha item type |
|---|---|---|---|---|---|---|---|---|---|---|---|---|---|---|---|
| Dewey Decimal Classification | Virtual | Virtual | Online | 14/09/2011 | ONLINE PUBLICATION | 153867-2001 | 06/08/2019 | 1 | 06/08/2019 | Book |